|
|
|
|
| LEADER |
01577njm a2200385 a 4500 |
| 001 |
000372613 |
| 003 |
CZ BrMZK |
| 005 |
19980105143423.0 |
| 008 |
980105s1998 xr f cze d |
| 028 |
0 |
3 |
|a 3378-2 931
|b Supraphon
|
| 040 |
|
|
|a BOA001
|b cze
|
| 080 |
|
|
|a 784.5"19"(086.7)
|2 MRF
|
| 080 |
|
|
|a 786.2.082.2"19"(086.7)
|2 MRF
|
| 100 |
1 |
|
|a Janáček, Leoš,
|d 1854-1928
|7 jk01050745
|4 cmp
|
| 245 |
1 |
4 |
|a The diary of one who disappeared ;
|b Piano sonata 1. 10. 1905 "From the street"
|h [zvukový záznam] /
|c Leoš Janáček.
|
| 246 |
3 |
3 |
|a Zápisník zmizelého
|
| 246 |
3 |
3 |
|a Sonáta es moll 1. 10. 1905 "From the street"
|
| 260 |
|
|
|a Praha :
|b Supraphon,
|c p1998
|
| 300 |
|
|
|a 1 CD :
|b stereo, DDD ;
|c 12 cm +
|e 1 brožura (41 s.).
|
| 306 |
|
|
|a 005001
|
| 500 |
|
|
|a Nahr. 1998
|
| 500 |
|
|
|a Durata 50:01
|
| 500 |
|
|
|a Text v brožuře vícejaz.
|
| 511 |
0 |
|
|a Dagmar Pecková, kontraalt; Peter Straka, tenor; Marián Lapšanský, klavír. Pražský komorní sbor.
|
| 653 |
0 |
|
|a klavírní sonáty
|a světské kantáty
|
| 700 |
1 |
|
|a Straka, Peter,
|d 1950-
|7 jx20050406013
|4 prf
|
| 700 |
1 |
|
|a Lapšanský, Marián,
|d 1947-
|7 jn19990209470
|4 prf
|
| 700 |
1 |
|
|a Pecková, Dagmar,
|d 1961-
|7 jn19990209639
|4 prf
|
| 710 |
2 |
|
|a Pražský komorní sbor
|7 kn20010710283
|4 prf
|
| 740 |
0 |
2 |
|a Piano sonata 1. 10. 1905 "From the street"
|
| 910 |
|
|
|a BOA001
|b CD-0006.537
|
| 964 |
|
|
|a Klavír
|x sonáty
|z stol.20.,pol.1.
|x CD
|
| 964 |
|
|
|a Kantáty
|z stol.20.,pol.1.
|x CD
|
| 990 |
|
|
|a AV
|
| 996 |
6 |
|
|b 261H006913
|c CD-0006.537
|l MZK
|r Sklad / do 24 hodin
|n 1
|p p.v.
|w 000372613
|u 000010
|a 1
|e BOA001
|j MZK50
|s P
|